000 01052cam a22002294a 4500
005 20250605164019.0
008 250528s ||||||||||||||||||||||||d
035 _a16289
020 _a56607785
040 _aGR-AtMCL
_bgre
_dGR-AtMCL
_eAACR2
245 1 _aProject Leadership / Second Edition
250 _a2nd
260 _bGower Publishing,
_c2001
300 _a164
520 _aThis is a book that you will start thinking about people, relationships and teams. Preface, Acknowledgements, Introduction: The Brave New World of Project Management, The Project Leader, What Makes a Good Project Leader?, The Project in the Organization, Preparing the Ground, Understanding the Big Picture, Managing the Sponsor, Scoping, Managing the Project, The Project Start-Up Process, ''Marketing'' to the Stakeholders, Keeping on Track, Handling Over and Winding Up, Action Summary, Index.
700 1 _aBriner Wendy
_92372
700 1 _aGeddes Michael
_92373
700 1 _aHastings Colin
_92374
942 _cBK
999 _c1806
_d1806